| 000 | 00367nam a2200145Ia 4500 | ||
|---|---|---|---|
| 008 | 150201s2006 xx 000 0 und d | ||
| 082 |
_a100 _bL2006S |
||
| 100 | _aSWAMI RAM | ||
| 245 | _aLIVING WITH THE HIMALAYAN MASTERS | ||
| 250 | _a1ST | ||
| 260 |
_bHIMALAYA INTERNATIONAL PUB. _aDELHI _c2006 |
||
| 300 | _a1-460 | ||
| 650 | _aGENERAL DENTISTRY | ||
| 942 |
_2ddc _cBK |
||
| 999 |
_c3627 _d3627 |
||